|
|
|
|
| LEADER |
00000nas a2200000 a 4500 |
| 001 |
ssj0037388 |
| 003 |
WaSeSS |
| 005 |
20200512172242.0 |
| 006 |
m d |
| 007 |
cr n |
| 008 |
050425c20059999enkax pss 0 a0eng c |
| 010 |
|
|
|a 2005256016
|
| 015 |
|
|
|a GBB873495
|2 bnb
|
| 016 |
7 |
|
|a 015430115
|2 Uk
|
| 016 |
7 |
|
|a 018610644
|2 Uk
|
| 022 |
|
|
|a 1548-7733
|l 1548-7733
|
| 035 |
|
|
|a (WaSeSS)ssj0037388
|
| 040 |
|
|
|a RBN
|b eng
|e pn
|c RBN
|d EEM
|d AGL
|d OCL
|d DLC
|d NSD
|d GIS
|d BUF
|d OCLCQ
|d GPO
|d UKMGB
|d CUS
|d OCLCQ
|d OCLCF
|d OCLCQ
|d DLC
|d GILDS
|d OCLCO
|d NTG
|d U3W
|d VT2
|d DLC
|d WaSeSS
|
| 042 |
|
|
|a pcc
|a nsdp
|
| 050 |
0 |
0 |
|a QH75.A1
|
| 050 |
1 |
4 |
|a HC79.E5
|
| 070 |
0 |
|
|a QH75.A1
|b S87
|
| 072 |
|
0 |
|a X300
|
| 072 |
|
0 |
|a P300
|
| 074 |
|
|
|a 0621-N-01 (online)
|
| 082 |
1 |
0 |
|a 333.72
|2 14
|
| 086 |
0 |
|
|a I 19.173/2:
|
| 210 |
0 |
|
|a Sustain. sci. pract. policy
|
| 222 |
|
0 |
|a Sustainability: science, practice, & policy
|
| 245 |
0 |
0 |
|a Sustainability: science, practice, & policy
|h [electronic resource].
|
| 260 |
|
|
|a Reston, VA :
|b NBII and CSA,
|c ©2005-
|
| 260 |
3 |
|
|3 2018- :
|a [Abingdon, United Kingdom] :
|b Taylor & Francis
|
| 310 |
|
|
|a One issue per year,
|b 2017-
|
| 321 |
|
|
|a Semiannual
|
| 362 |
0 |
|
|a Vol. 1, no. 1 (spring 2005)-
|
| 500 |
|
|
|a Title from table of contents screen (viewed Apr. 25, 2005).
|
| 500 |
|
|
|a No longer distributed to depository libraries as of v. 6 issue 1 (spring 2010).
|
| 506 |
|
|
|a License restrictions may limit access.
|
| 515 |
|
|
|a Articles available as published and compiled in an annual volume.
|
| 538 |
|
|
|a Mode of access: Internet at the National Biological Information Infrastructure web site. Address as of 4/9/10: http://ejournal.nbii.gov/about/about.html; current access available via PURL.
|
| 588 |
|
|
|a Latest issue consulted: Vol. 16, issue 1 (2020) (tandfonline.com website, viewed Apr. 28, 2020).
|
| 610 |
2 |
0 |
|a National Biological Information Infrastructure (Project : U.S.)
|v Periodicals.
|
| 610 |
2 |
7 |
|a National Biological Information Infrastructure (Project : U.S.)
|2 fast
|0 (OCoLC)fst00741121
|
| 650 |
|
0 |
|a Sustainability
|v Periodicals.
|
| 650 |
|
0 |
|a Environmental sciences
|v Periodicals.
|
| 650 |
|
0 |
|a Ecology
|v Periodicals.
|
| 650 |
|
0 |
|a Natural resources
|x Management
|v Periodicals.
|
| 650 |
|
7 |
|a Ecology.
|2 fast
|0 (OCoLC)fst00901476
|
| 650 |
|
7 |
|a Environmental sciences.
|2 fast
|0 (OCoLC)fst00913474
|
| 650 |
|
7 |
|a Natural resources
|x Management.
|2 fast
|0 (OCoLC)fst01034438
|
| 650 |
|
7 |
|a Sustainability.
|2 fast
|0 (OCoLC)fst01747391
|
| 653 |
|
|
|a sustainable development
|a social sciences
|a earth sciences
|a interdisciplinary research
|a cooperation
|a information exchange
|a policy making
|a human-environment relationship
|a socio-economic aspects
|a socio-political aspects
|a public information
|a publishing industry
|
| 655 |
|
0 |
|a Electronic journals.
|
| 710 |
2 |
|
|a National Biological Information Infrastructure (Project : U.S.)
|
| 710 |
2 |
|
|a Taylor & Francis.
|
| 850 |
|
|
|a DLC
|
| 856 |
4 |
0 |
|z Full text available from Research Library: 04/01/2005 to present
|u https://search.proquest.com/publication/136137
|